[Event "MSR2018s4"]
[Site "?"]
[Date "2018.04.21"]
[Round "1.1"]
[White "Haasova, Timea"]
[Black "Magdova, Lucia"]
[Result "1-0"]
[BlackElo "1000"]
[WhiteElo "1203"]
[LiveChessVersion "1.4.8"]

1. e4 {[%clk 1:30:56]} e5 {[%clk 1:30:59]} 2. Nf3 {[%clk 1:31:10]} Nc6 3. Bc4 Bc5
4. c3 Nf6 {[%clk 1:29:05]} 5. d3 {[%clk 1:29:54]} d6 {[%clk 1:29:00]} 6. O-O
{[%clk 1:28:27]} Bg4 {[%clk 1:28:04]} 7. h3 {[%clk 1:28:41]} Bxf3
{[%clk 1:28:11]} 8. Qxf3 {[%clk 1:27:36]} O-O {[%clk 1:27:45]} 9. b4
{[%clk 1:25:21]} Bb6 {[%clk 1:27:50]} 10. a4 {[%clk 1:19:45]} h6 {[%clk 1:27:49]}
11. a5 {[%clk 1:18:51]} Bxa5 12. bxa5 Qe7 {[%clk 1:26:18]} 13. Be3
{[%clk 1:11:13]} Rfd8 {[%clk 1:25:14]} 14. Nd2 {[%clk 1:04:56]} b6
{[%clk 1:25:04]} 15. axb6 {[%clk 1:03:45]} axb6 {[%clk 1:24:30]} 16. Rxa8
{[%clk 1:02:53]} Rxa8 {[%clk 1:24:54]} 17. d4 {[%clk 1:02:04]} exd4
{[%clk 1:24:33]} 18. cxd4 {[%clk 1:00:16]} Na5 {[%clk 1:23:22]} 19. e5
{[%clk 0:59:14]} dxe5 {[%clk 1:21:06]} 20. Qxa8+ {[%clk 0:59:01]} Kh7
{[%clk 1:20:44]} 21. Bd3+ {[%clk 0:57:50]} e4 {[%clk 1:20:37]} 22. Nxe4
{[%clk 0:57:42]} Nxe4 {[%clk 1:20:23]} 23. Bxe4+ {[%clk 0:57:55]} Qxe4
{[%clk 1:20:12]} 24. Qxe4+ {[%clk 0:58:11]} Kg8 {[%clk 1:19:47]} 25. Qg4
{[%clk 0:58:08]} b5 26. Bxh6 Kf8 {[%clk 1:16:26]} 27. Bxg7+ {[%clk 0:57:55]} Ke8
{[%clk 1:16:23]} 28. Re1+ {[%clk 0:58:05]} Kd8 29. Bf6# 1-0

[Event "MSR2018s4"]
[Site "?"]
[Date "2018.04.21"]
[Round "1.2"]
[White "Mederlyova, Beata"]
[Black "Paverova, Barbora"]
[Result "1-0"]
[BlackElo "1000"]
[WhiteElo "1000"]
[LiveChessVersion "1.4.8"]

1. e4 {[%clk 1:30:56]} e5 {[%clk 1:30:40]} 2. Nf3 {[%clk 1:31:19]} Nc6
{[%clk 1:30:39]} 3. Nc3 {[%clk 1:31:38]} Bc5 {[%clk 1:30:19]} 4. Bc4
{[%clk 1:31:42]} Nf6 {[%clk 1:29:55]} 5. O-O {[%clk 1:32:05]} O-O
{[%clk 1:30:15]} 6. d3 {[%clk 1:32:15]} h6 {[%clk 1:30:28]} 7. Be3
{[%clk 1:32:27]} Bxe3 {[%clk 1:27:28]} 8. fxe3 {[%clk 1:32:52]} d6
{[%clk 1:26:37]} 9. h3 {[%clk 1:33:10]} Nh5 {[%clk 1:24:33]} 10. Qe1
{[%clk 1:33:01]} Qf6 {[%clk 1:23:57]} 11. g4 {[%clk 1:33:20]} Na5
{[%clk 1:18:23]} 12. gxh5 {[%clk 1:32:59]} Nxc4 {[%clk 1:17:47]} 13. dxc4
{[%clk 1:33:21]} Be6 {[%clk 1:14:14]} 14. Qg3 {[%clk 1:33:40]} g5
{[%clk 1:12:31]} 15. hxg6 {[%clk 1:33:40]} fxg6 {[%clk 1:11:51]} 16. Nh4
{[%clk 1:33:43]} g5 17. Rxf6 {[%clk 1:33:02]} Rxf6 {[%clk 1:09:41]} 18. Rf1
{[%clk 1:33:03]} Raf8 {[%clk 1:07:59]} 19. Rxf6 {[%clk 1:33:21]} Rxf6
{[%clk 1:07:33]} 20. Nf3 {[%clk 1:33:23]} Bxc4 {[%clk 1:05:16]} 21. h4
{[%clk 1:32:54]} b5 {[%clk 1:01:59]} 22. hxg5 {[%clk 1:33:11]} hxg5
{[%clk 1:01:41]} 23. Qxg5+ {[%clk 1:33:20]} Kf7 {[%clk 1:01:11]} 24. Qh5+
{[%clk 1:33:29]} Ke6 {[%clk 1:00:34]} 25. Qe8# {[%clk 1:33:57]} 1-0

[Event "MSR2018s4"]
[Site "?"]
[Date "2018.04.21"]
[Round "1.3"]
[White "Cukerova, Livia"]
[Black "Marcinkova, Lydia"]
[Result "0-1"]
[BlackElo "1000"]
[WhiteElo "1000"]
[LiveChessVersion "1.4.8"]

1. d4 {[%clk 1:30:55]} d5 {[%clk 1:30:55]} 2. Nc3 {[%clk 1:30:58]} Nf6
{[%clk 1:31:11]} 3. Bg5 {[%clk 1:31:00]} Nc6 {[%clk 1:31:10]} 4. Nf3
{[%clk 1:30:58]} e6 {[%clk 1:30:56]} 5. e3 {[%clk 1:31:01]} Bb4 {[%clk 1:30:55]}
6. Bb5 {[%clk 1:30:35]} a6 {[%clk 1:30:42]} 7. Bxc6+ {[%clk 1:29:58]} bxc6
{[%clk 1:30:59]} 8. Qe2 {[%clk 1:29:49]} a5 {[%clk 1:30:53]} 9. O-O
{[%clk 1:28:52]} Ba6 {[%clk 1:31:06]} 10. Bxf6 {[%clk 1:28:08]} gxf6
{[%clk 1:31:17]} 11. Qd2 {[%clk 1:27:02]} Bxf1 {[%clk 1:30:53]} 12. Kxf1
{[%clk 1:27:18]} Qc8 {[%clk 1:31:00]} 13. a3 {[%clk 1:27:14]} Qa6+
{[%clk 1:31:16]} 14. Kg1 {[%clk 1:26:54]} Bxc3 {[%clk 1:31:22]} 15. Qxc3
{[%clk 1:26:53]} O-O {[%clk 1:31:13]} 16. Qd2 {[%clk 1:26:24]} Rab8
{[%clk 1:30:47]} 17. b3 {[%clk 1:26:07]} a4 {[%clk 1:30:05]} 18. bxa4
{[%clk 1:25:38]} Qxa4 {[%clk 1:30:28]} 19. Qd3 {[%clk 1:24:58]} Rb2
{[%clk 1:30:26]} 20. Re1 {[%clk 1:23:50]} Rfb8 {[%clk 1:30:02]} 21. e4
{[%clk 1:23:18]} Rb1 {[%clk 1:30:12]} 22. exd5 {[%clk 1:22:13]} cxd5
{[%clk 1:29:15]} 23. c3 {[%clk 1:20:48]} R8b2 {[%clk 1:28:53]} 24. Rxb1
{[%clk 1:20:43]} Qc4 {[%clk 1:27:59]} 25. Qd1 {[%clk 1:20:06]} Qxc3
{[%clk 1:27:30]} 26. Rxb2 {[%clk 1:20:05]} Qxb2 {[%clk 1:27:38]} 27. a4
{[%clk 1:20:03]} e5 {[%clk 1:27:42]} 28. dxe5 {[%clk 1:19:24]} fxe5
{[%clk 1:27:46]} 29. Qxd5 {[%clk 1:19:20]} Qc1+ {[%clk 1:27:59]} 30. Qd1
{[%clk 1:18:48]} Qxd1+ {[%clk 1:28:15]} 31. Ne1 {[%clk 1:18:57]} Qxe1# 0-1

[Event "MSR2018s4"]
[Site "?"]
[Date "2018.04.21"]
[Round "1.4"]
[White "Sevcik, Ondrej"]
[Black "Kriska, Alexander"]
[Result "1-0"]
[BlackElo "1000"]
[WhiteElo "1209"]
[LiveChessVersion "1.4.8"]

1. e4 {[%clk 1:30:56]} e5 {[%clk 1:30:57]} 2. Nf3 {[%clk 1:31:13]} Nf6
{[%clk 1:30:56]} 3. Nc3 {[%clk 1:31:23]} Nc6 {[%clk 1:31:18]} 4. Bc4
{[%clk 1:31:18]} Nxe4 {[%clk 1:30:48]} 5. Nxe4 {[%clk 1:31:23]} d5
{[%clk 1:31:09]} 6. Bxd5 {[%clk 1:31:12]} Qxd5 {[%clk 1:31:11]} 7. Nc3
{[%clk 1:30:49]} Qd8 8. O-O Bc5 {[%clk 1:30:22]} 9. Re1 {[%clk 1:30:59]} f6
{[%clk 1:30:29]} 10. b3 {[%clk 1:30:24]} O-O {[%clk 1:30:37]} 11. Bb2
{[%clk 1:30:30]} Re8 {[%clk 1:30:29]} 12. Ne4 {[%clk 1:29:53]} Bf5
{[%clk 1:30:02]} 13. Nxc5 {[%clk 1:29:13]} Rb8 {[%clk 1:29:57]} 14. d4
{[%clk 1:27:41]} b6 {[%clk 1:28:54]} 15. Ne4 {[%clk 1:26:58]} Bxe4
{[%clk 1:28:27]} 16. Rxe4 {[%clk 1:27:01]} Qd5 {[%clk 1:28:05]} 17. Qd3
{[%clk 1:26:06]} Rbd8 {[%clk 1:27:51]} 18. c4 {[%clk 1:25:53]} Qd7
{[%clk 1:27:15]} 19. Rae1 {[%clk 1:25:34]} Re7 {[%clk 1:26:50]} 20. d5
{[%clk 1:24:45]} Nb4 {[%clk 1:26:50]} 21. Qd2 {[%clk 1:24:07]} c5
{[%clk 1:26:54]} 22. Ba3 {[%clk 1:23:59]} a5 {[%clk 1:26:44]} 23. Bb2
{[%clk 1:21:43]} Qe8 {[%clk 1:26:53]} 24. d6 {[%clk 1:20:44]} Re6
{[%clk 1:26:44]} 25. Qd1 {[%clk 1:18:50]} Rdxd6 26. Qe2 Rd7 {[%clk 1:23:09]} 27.
Rd1 {[%clk 1:17:45]} Rde7 {[%clk 1:23:16]} 28. Qe3 {[%clk 1:17:09]} Nc6
{[%clk 1:22:55]} 29. Nh4 {[%clk 1:16:44]} g6 {[%clk 1:22:49]} 30. Qh6
{[%clk 1:16:25]} Rd7 {[%clk 1:22:12]} 31. Rxd7 Qxd7 32. h3 {[%clk 1:15:29]} Qf7
{[%clk 1:22:12]} 33. Rg4 {[%clk 1:14:57]} f5 {[%clk 1:22:28]} 34. Rg5
{[%clk 1:15:07]} Ne7 {[%clk 1:22:27]} 35. g4 {[%clk 1:12:10]} f4 {[%clk 1:22:30]}
36. Bxe5 {[%clk 1:08:48]} a4 {[%clk 1:22:37]} 37. f3 {[%clk 1:04:12]} axb3
{[%clk 1:22:34]} 38. axb3 {[%clk 1:04:14]} b5 {[%clk 1:21:29]} 39. cxb5
{[%clk 1:04:08]} Rb6 {[%clk 1:21:13]} 40. Bc3 Qf8 41. Qxf8+ {[%clk 1:00:56]} Kxf8
{[%clk 1:21:36]} 42. Rxc5 g5 43. Rxg5 {[%clk 0:59:32]} Rc6 {[%clk 1:21:43]} 44.
bxc6 Nxc6 45. Rg7 Nd8 46. Rxh7 {[%clk 0:56:33]} Kg8 {[%clk 1:21:53]} 47. Rg7+ Kf8
{[%clk 1:21:44]} 48. Kf2 {[%clk 0:55:47]} Ne6 {[%clk 1:22:03]} 49. Ra7
{[%clk 0:56:14]} Nd8 {[%clk 1:22:06]} 50. Ke2 {[%clk 0:53:58]} Nf7 51. Kd3 Ne5+
{[%clk 1:21:53]} 52. Bxe5 {[%clk 0:53:48]} Kg8 {[%clk 1:21:48]} 53. b4
{[%clk 0:53:51]} Kf8 {[%clk 1:22:02]} 54. b5 {[%clk 0:53:49]} Ke8
{[%clk 1:22:16]} 55. b6 {[%clk 0:53:41]} Kd8 {[%clk 1:22:19]} 56. Rh7 Ke8 57. b7
1-0

[Event "MSR2018s4"]
[Site "?"]
[Date "2018.04.21"]
[Round "1.6"]
[White "Gobl, Fabian"]
[Black "Martynek, Filip"]
[Result "0-1"]
[BlackElo "1000"]
[WhiteElo "1118"]
[LiveChessVersion "1.4.8"]

1. e4 {[%clk 1:30:57]} d6 {[%clk 1:30:51]} 2. d4 {[%clk 1:30:19]} Nf6
{[%clk 1:31:09]} 3. Nc3 {[%clk 1:30:29]} g6 {[%clk 1:31:23]} 4. d5
{[%clk 1:30:31]} Bg7 5. Be3 {[%clk 1:30:10]} O-O {[%clk 1:31:53]} 6. Bd4
{[%clk 1:30:26]} Nbd7 {[%clk 1:32:03]} 7. Be2 {[%clk 1:30:36]} e5
{[%clk 1:32:10]} 8. Be3 {[%clk 1:30:35]} b6 {[%clk 1:32:04]} 9. Qd2
{[%clk 1:30:09]} Bb7 {[%clk 1:31:52]} 10. O-O-O {[%clk 1:30:04]} c6
{[%clk 1:32:04]} 11. dxc6 {[%clk 1:30:01]} Bxc6 {[%clk 1:32:11]} 12. Qxd6
{[%clk 1:29:54]} Rc8 {[%clk 1:31:55]} 13. Kb1 {[%clk 1:29:49]} Nxe4
{[%clk 1:32:02]} 14. Qb4 {[%clk 1:29:04]} Nxc3+ {[%clk 1:31:57]} 15. Qxc3
{[%clk 1:28:50]} Bxg2 {[%clk 1:32:05]} 16. Bb5 {[%clk 1:28:39]} Rxc3
{[%clk 1:32:19]} 17. Rxd7 {[%clk 1:28:22]} Qc8 {[%clk 1:32:18]} 18. Ne2
{[%clk 1:28:26]} Bxh1 {[%clk 1:32:22]} 19. Nxc3 {[%clk 1:28:29]} Bc6
{[%clk 1:32:23]} 20. Rxa7 {[%clk 1:28:34]} Bxb5 {[%clk 1:32:27]} 21. Nxb5
{[%clk 1:28:37]} Rd8 {[%clk 1:32:41]} 22. Nc3 {[%clk 1:28:41]} Rd6
{[%clk 1:32:31]} 23. Bxb6 {[%clk 1:28:28]} Rxb6 {[%clk 1:32:28]} 24. Nd5
{[%clk 1:28:36]} Rxb2+ {[%clk 1:32:36]} 25. Kxb2 {[%clk 1:29:01]} Qb8+
{[%clk 1:32:46]} 26. Kc1 {[%clk 1:29:12]} Qxa7 {[%clk 1:32:55]} 27. c3
{[%clk 1:29:14]} Qxf2 {[%clk 1:33:13]} 28. Ne7+ {[%clk 1:29:29]} Kf8
{[%clk 1:33:22]} 29. Nd5 {[%clk 1:25:21]} Qxa2 {[%clk 1:33:25]} 30. Ne3
{[%clk 1:25:26]} Qxh2 {[%clk 1:33:39]} 31. Ng4 {[%clk 1:25:53]} Qg1+
{[%clk 1:33:36]} 0-1

[Event "MSR2018s4"]
[Site "?"]
[Date "2018.04.21"]
[Round "1.7"]
[White "Meszaros, Casey Ryan"]
[Black "Dolnik, Michal"]
[Result "0-1"]
[BlackElo "1095"]
[WhiteElo "1000"]
[LiveChessVersion "1.4.8"]

1. e4 {[%clk 1:30:57]} c5 {[%clk 1:30:32]} 2. Nf3 {[%clk 1:31:06]} d6
{[%clk 1:30:58]} 3. Bc4 {[%clk 1:30:34]} Nc6 {[%clk 1:31:04]} 4. d3
{[%clk 1:29:59]} e5 {[%clk 1:30:49]} 5. Nc3 {[%clk 1:29:36]} Nf6 {[%clk 1:30:19]}
6. Bg5 {[%clk 1:29:21]} Be7 {[%clk 1:30:28]} 7. O-O {[%clk 1:28:55]} Bg4
{[%clk 1:30:41]} 8. h3 {[%clk 1:27:59]} Bh5 {[%clk 1:30:16]} 9. Be3
{[%clk 1:27:27]} Qd7 {[%clk 1:28:39]} 10. Bb5 {[%clk 1:23:11]} O-O
{[%clk 1:27:43]} 11. Bg5 {[%clk 1:22:06]} Qc8 {[%clk 1:25:49]} 12. Be3
{[%clk 1:21:10]} Nd4 {[%clk 1:25:22]} 13. Bxd4 {[%clk 1:21:11]} cxd4
{[%clk 1:25:21]} 14. Nd5 {[%clk 1:20:32]} Nxd5 {[%clk 1:24:53]} 15. exd5
{[%clk 1:20:08]} Qf5 {[%clk 1:23:23]} 16. Re1 {[%clk 1:15:56]} Rac8
{[%clk 0:52:42]} 17. Kh1 {[%clk 1:14:32]} Rc5 {[%clk 0:51:01]} 18. Bc4
{[%clk 1:14:24]} b5 {[%clk 0:48:24]} 19. Bb3 {[%clk 1:14:33]} Qd7
{[%clk 0:28:48]} 20. Nxe5 {[%clk 1:13:14]} dxe5 {[%clk 0:28:20]} 21. Qxh5
{[%clk 1:13:20]} Bd6 {[%clk 0:23:46]} 22. Re4 {[%clk 1:11:20]} a5
{[%clk 0:20:55]} 23. Rh4 {[%clk 1:11:04]} h6 {[%clk 0:18:10]} 24. Rg4
{[%clk 1:06:57]} Kh8 {[%clk 0:14:37]} 25. a4 {[%clk 1:05:47]} bxa4
{[%clk 0:11:05]} 26. Rxa4 {[%clk 1:05:58]} Qb7 {[%clk 0:08:45]} 27. Ra2
{[%clk 0:59:31]} e4 {[%clk 0:08:23]} 28. c3 {[%clk 0:48:59]} Qxb3
{[%clk 0:08:09]} 29. Ra1 {[%clk 0:47:24]} Qxb2 {[%clk 0:08:02]} 30. Rg1
{[%clk 0:47:22]} dxc3 {[%clk 0:08:02]} 31. Rxg7 {[%clk 0:44:06]} Kxg7
{[%clk 0:08:12]} 32. Qg4+ {[%clk 0:43:35]} Kh8 {[%clk 0:07:47]} 33. Qd1
{[%clk 0:43:27]} c2 {[%clk 0:07:48]} 34. Qc1 {[%clk 0:43:33]} Qxc1
{[%clk 0:08:08]} 35. Rxc1 {[%clk 0:43:53]} a4 {[%clk 0:08:25]} 36. dxe4
{[%clk 0:43:44]} Rb8 {[%clk 0:08:40]} 37. e5 {[%clk 0:43:46]} Bxe5
{[%clk 0:08:52]} 38. d6 {[%clk 0:44:03]} Rb1 {[%clk 0:09:13]} 39. g3
{[%clk 0:44:20]} Rxc1+ {[%clk 0:09:54]} 40. Kg2 {[%clk 0:44:20]} Bxd6
{[%clk 0:10:16]} 41. f4 {[%clk 0:44:37]} Re1 {[%clk 0:10:18]} 42. g4
{[%clk 0:44:58]} c1=Q {[%clk 0:10:34]} 43. g5 {[%clk 0:45:16]} Rc3
{[%clk 0:10:49]} 44. g6 {[%clk 0:45:21]} Qd2# 0-1

[Event "MSR2018s4"]
[Site "?"]
[Date "2018.04.21"]
[Round "1.8"]
[White "Banas, Samuel"]
[Black "Roman, Jakub"]
[Result "0-1"]
[BlackElo "1000"]
[WhiteElo "1063"]
[LiveChessVersion "1.4.8"]

1. d4 {[%clk 1:30:57]} d5 {[%clk 1:30:49]} 2. Nf3 {[%clk 1:30:49]} Bf5
{[%clk 1:30:20]} 3. Bf4 {[%clk 1:31:01]} e6 {[%clk 1:29:55]} 4. e3
{[%clk 1:31:18]} Nc6 {[%clk 1:29:45]} 5. c3 {[%clk 1:31:19]} Nf6 {[%clk 1:29:39]}
6. Bd3 {[%clk 1:31:38]} Be7 {[%clk 1:29:29]} 7. Bxf5 {[%clk 1:31:03]} exf5
{[%clk 1:29:51]} 8. O-O {[%clk 1:30:24]} h6 {[%clk 1:29:04]} 9. Nbd2
{[%clk 1:29:58]} g5 10. Bg3 {[%clk 1:29:48]} Ne4 {[%clk 1:27:58]} 11. Nxe4
{[%clk 1:29:36]} dxe4 {[%clk 1:28:05]} 12. Nd2 {[%clk 1:29:12]} h5
{[%clk 1:27:41]} 13. b4 {[%clk 1:29:27]} h4 {[%clk 1:27:55]} 14. Be5
{[%clk 1:29:35]} Nxe5 15. dxe5 h3 {[%clk 1:27:07]} 16. g3 {[%clk 1:29:40]} f4
{[%clk 1:27:13]} 17. g4 {[%clk 1:29:54]} Qd7 {[%clk 1:26:30]} 18. Kh1
{[%clk 1:29:27]} Rh4 {[%clk 1:26:28]} 19. Rg1 {[%clk 1:29:38]} f5
{[%clk 1:26:13]} 20. gxf5 {[%clk 1:29:49]} Qxf5 {[%clk 1:26:20]} 21. Nc4
{[%clk 1:29:22]} O-O-O {[%clk 1:26:32]} 22. Qe2 {[%clk 1:27:56]} g4
{[%clk 1:26:43]} 23. a4 {[%clk 1:27:06]} f3 {[%clk 1:26:51]} 24. Qc2
{[%clk 1:27:16]} g3 {[%clk 1:26:54]} 25. Rxg3 {[%clk 1:27:33]} Rg4
{[%clk 1:26:51]} 26. Rag1 {[%clk 1:27:40]} Rxg3 {[%clk 1:26:59]} 27. Rxg3
{[%clk 1:27:56]} Bh4 {[%clk 1:27:09]} 28. Rg1 {[%clk 1:27:32]} Bxf2
{[%clk 1:27:16]} 29. Qxf2 {[%clk 1:24:27]} b6 {[%clk 1:26:49]} 30. Na3
{[%clk 1:23:09]} Qxe5 {[%clk 1:26:40]} 31. Nb5 {[%clk 1:22:07]} a6
{[%clk 1:26:37]} 32. Nd4 {[%clk 1:21:42]} c5 {[%clk 1:26:12]} 33. Nc6
{[%clk 1:21:53]} Qxc3 {[%clk 1:26:06]} 34. Nxd8 Kxd8 35. Rd1+ {[%clk 1:21:46]}
Ke7 {[%clk 1:26:15]} 36. Qh4+ {[%clk 1:22:10]} Ke6 {[%clk 1:26:13]} 37. Qxh3+ Ke7
38. Qd7+ {[%clk 1:21:30]} Kf6 {[%clk 1:25:46]} 39. Rd6+ {[%clk 1:21:28]} Kg5
{[%clk 1:26:14]} 40. Qg7+ {[%clk 1:23:42]} Qxg7 {[%clk 1:26:23]} 41. Rd5+
{[%clk 1:23:33]} Kf6 {[%clk 1:26:30]} 42. Rd6+ {[%clk 1:23:19]} Ke7
{[%clk 1:26:42]} 43. Rxb6 Qa1# 0-1

[Event "MSR2018s4"]
[Site "?"]
[Date "2018.04.21"]
[Round "1.9"]
[White "Sokolsky, David"]
[Black "Boba, Kristian"]
[Result "0-1"]
[BlackElo "1050"]
[WhiteElo "1000"]
[LiveChessVersion "1.4.8"]

1. e4 {[%clk 1:30:59]} e5 {[%clk 1:30:48]} 2. Bc4 {[%clk 1:31:16]} Nf6
{[%clk 1:30:53]} 3. Nc3 {[%clk 1:31:32]} Nc6 {[%clk 1:30:54]} 4. Nf3
{[%clk 1:31:44]} h6 {[%clk 1:31:02]} 5. O-O {[%clk 1:31:59]} Bb4 {[%clk 1:31:01]}
6. a3 {[%clk 1:32:05]} Bxc3 {[%clk 1:31:21]} 7. dxc3 {[%clk 1:31:58]} O-O
{[%clk 1:31:16]} 8. Bb5 {[%clk 1:30:17]} a6 {[%clk 1:31:33]} 9. Bxc6
{[%clk 1:30:34]} dxc6 {[%clk 1:31:45]} 10. Qxd8 {[%clk 1:30:30]} Rxd8
{[%clk 1:30:51]} 11. Nxe5 {[%clk 1:30:38]} Nxe4 {[%clk 1:29:54]} 12. Be3
{[%clk 1:29:56]} Re8 {[%clk 1:27:12]} 13. Bf4 {[%clk 1:29:30]} Be6
{[%clk 1:27:23]} 14. Rae1 {[%clk 1:29:43]} Nc5 {[%clk 1:25:49]} 15. Be3
{[%clk 1:29:09]} Na4 {[%clk 1:25:28]} 16. Bd2 {[%clk 1:28:40]} Nxb2
{[%clk 1:25:35]} 17. Rb1 {[%clk 1:28:23]} Nc4 {[%clk 1:25:33]} 18. Nxc4
{[%clk 1:28:13]} Bxc4 {[%clk 1:25:36]} 19. Rfe1 Rxe1+ 20. Bxe1 {[%clk 1:26:32]}
b6 {[%clk 1:25:33]} 21. Rb4 {[%clk 1:25:56]} b5 {[%clk 1:24:09]} 22. a4
{[%clk 1:25:42]} Kf8 {[%clk 1:23:45]} 23. axb5 {[%clk 1:25:41]} axb5
{[%clk 1:23:24]} 24. h3 {[%clk 1:25:13]} Ra1 {[%clk 1:23:44]} 25. Rb2 Rxe1+ 26.
Kh2 {[%clk 1:23:06]} Re2 {[%clk 1:23:26]} 27. Ra2 {[%clk 1:22:51]} Bxa2
{[%clk 1:24:01]} 28. f3 {[%clk 1:22:37]} c5 29. h4 {[%clk 1:22:09]} b4
{[%clk 1:24:24]} 30. cxb4 cxb4 31. Kg3 {[%clk 1:21:44]} Rxc2 {[%clk 1:24:43]} 32.
f4 b3 33. Kf3 {[%clk 1:20:15]} b2 {[%clk 1:24:58]} 34. Ke3 {[%clk 1:20:33]} b1=Q
{[%clk 1:24:36]} 35. Kd4 {[%clk 1:20:26]} Qd1+ {[%clk 1:24:53]} 36. Ke3
{[%clk 1:20:23]} Re2+ {[%clk 1:25:15]} 37. Kf3 Qf1+ 38. Kg3 {[%clk 1:19:53]}
Qxg2# {[%clk 1:25:26]} 0-1

[Event "MSR2018s4"]
[Site "?"]
[Date "2018.04.21"]
[Round "1.10"]
[White "Elias, Simon"]
[Black "Sun, Martin"]
[Result "1-0"]
[BlackElo "1000"]
[WhiteElo "1036"]
[LiveChessVersion "1.4.8"]

1. e4 {[%clk 1:30:57]} e5 2. Nf3 {[%clk 1:31:05]} Nc6 {[%clk 1:31:23]} 3. d4
{[%clk 1:31:10]} exd4 {[%clk 1:31:27]} 4. Nxd4 Nxd4 {[%clk 1:32:09]} 5. Qxd4
{[%clk 1:31:12]} Nf6 {[%clk 1:32:22]} 6. Nc3 {[%clk 1:31:24]} Be7
{[%clk 1:32:14]} 7. Bg5 {[%clk 1:31:24]} O-O 8. Bc4 Bb4 {[%clk 1:31:53]} 9. O-O-O
{[%clk 1:31:26]} d6 {[%clk 1:31:58]} 10. f4 {[%clk 1:31:31]} c5 {[%clk 1:32:09]}
11. Qxd6 {[%clk 1:31:08]} Qxd6 {[%clk 1:32:19]} 12. Rxd6 {[%clk 1:31:14]} Bxc3
{[%clk 1:32:16]} 13. bxc3 {[%clk 1:31:17]} Nxe4 {[%clk 1:32:30]} 14. Rd5
{[%clk 1:30:58]} Nxg5 {[%clk 1:32:40]} 15. Rxg5 {[%clk 1:31:12]} h6
{[%clk 1:32:49]} 16. Rxc5 {[%clk 1:31:12]} Be6 {[%clk 1:32:45]} 17. Bxe6
{[%clk 1:31:13]} fxe6 {[%clk 1:33:03]} 18. Re1 {[%clk 1:31:17]} Rxf4
{[%clk 1:33:07]} 19. Rxe6 {[%clk 1:31:27]} Rf1+ {[%clk 1:33:06]} 20. Kb2
{[%clk 1:30:43]} Rf2 {[%clk 1:32:29]} 21. Rg6 Raf8 22. Rc7 {[%clk 1:28:46]} Rb8
{[%clk 1:31:56]} 1-0

[Event "MSR2018s4"]
[Site "?"]
[Date "2018.04.21"]
[Round "1.11"]
[White "Szczygel, Viktor"]
[Black "Hudak, Michal"]
[Result "0-1"]
[BlackElo "1031"]
[WhiteElo "1000"]
[LiveChessVersion "1.4.8"]

1. e4 {[%clk 1:30:52]} c5 {[%clk 1:30:07]} 2. Bb5 {[%clk 1:30:06]} a6
{[%clk 1:29:14]} 3. Ba4 {[%clk 1:29:40]} b5 {[%clk 1:29:33]} 4. Bb3
{[%clk 1:29:37]} c4 {[%clk 1:29:55]} 5. Qh5 {[%clk 1:28:55]} Nf6 {[%clk 1:29:39]}
6. Qf3 {[%clk 1:27:04]} cxb3 {[%clk 1:29:59]} 7. cxb3 {[%clk 1:27:07]} Bb7
{[%clk 1:30:16]} 8. d3 {[%clk 1:26:51]} Nc6 {[%clk 1:30:11]} 9. Bg5
{[%clk 1:25:47]} Nd4 {[%clk 1:30:11]} 10. Qf4 {[%clk 1:24:39]} Nc2+
{[%clk 1:29:54]} 11. Kd1 {[%clk 1:24:08]} Nxa1 {[%clk 1:29:36]} 12. e5
{[%clk 1:23:08]} Bxg2 {[%clk 1:29:11]} 13. f3 {[%clk 1:21:10]} Bxh1
{[%clk 1:27:14]} 14. Qe4 {[%clk 1:19:56]} Nxe4 {[%clk 1:27:25]} 15. fxe4
{[%clk 1:19:01]} Qb6 {[%clk 1:25:37]} 16. Nh3 Bf3+ 17. Kc1 {[%clk 1:15:24]} Rc8+
{[%clk 1:25:41]} 18. Nc3 {[%clk 1:15:12]} b4 {[%clk 1:25:25]} 19. Kd2
{[%clk 1:14:47]} bxc3+ {[%clk 1:27:22]} 20. bxc3 {[%clk 1:14:49]} Qa5
{[%clk 1:27:23]} 21. b4 {[%clk 1:13:50]} Qxa2+ {[%clk 1:27:33]} 22. Ke3
{[%clk 1:13:18]} Qe2+ {[%clk 1:26:48]} 23. Kd4 {[%clk 1:12:41]} Nb3+
{[%clk 1:27:02]} 24. Kd5 {[%clk 1:11:57]} e6# {[%clk 1:27:10]} 0-1

[Event "MSR2018s4"]
[Site "?"]
[Date "2018.04.21"]
[Round "1.12"]
[White "Durovka, Marek"]
[Black "Zvoda, Matej"]
[Result "1-0"]
[BlackElo "1000"]
[WhiteElo "1000"]
[LiveChessVersion "1.4.8"]

1. Nf3 {[%clk 1:30:51]} e6 {[%clk 1:30:36]} 2. d4 {[%clk 1:31:04]} d5
{[%clk 1:30:46]} 3. Bf4 {[%clk 1:31:00]} Bb4+ {[%clk 1:30:42]} 4. c3
{[%clk 1:31:05]} Ba5 {[%clk 1:30:48]} 5. Qa4+ {[%clk 1:30:00]} Bd7
{[%clk 1:30:46]} 6. Qxa5 {[%clk 1:29:49]} Qe7 {[%clk 1:30:39]} 7. Qxc7
{[%clk 1:29:27]} Nf6 {[%clk 1:30:20]} 8. Bd6 {[%clk 1:29:30]} Qxd6
{[%clk 1:29:57]} 9. Qxd6 {[%clk 1:29:47]} Ne4 {[%clk 1:29:57]} 10. Qb4
{[%clk 1:29:52]} Na6 {[%clk 1:30:01]} 11. Qxb7 {[%clk 1:30:05]} O-O
{[%clk 1:29:59]} 12. Qxa6 {[%clk 1:29:24]} Rfb8 {[%clk 1:30:04]} 13. Ne5
{[%clk 1:28:44]} Bb5 {[%clk 1:30:03]} 14. Qa5 {[%clk 1:28:05]} Rb6
{[%clk 1:29:38]} 15. Na3 {[%clk 1:27:34]} Rab8 {[%clk 1:29:32]} 16. Nxb5
{[%clk 1:27:18]} Rxb5 {[%clk 1:29:15]} 17. Qxa7 {[%clk 1:27:10]} Rxb2
{[%clk 1:29:04]} 18. Qxf7+ {[%clk 1:27:27]} Kh8 {[%clk 1:29:01]} 19. e3
{[%clk 1:24:31]} Nxf2 {[%clk 1:28:21]} 20. Qxf2 {[%clk 1:23:35]} Rxf2
{[%clk 1:28:24]} 21. Kxf2 {[%clk 1:23:44]} Rf8+ {[%clk 1:28:30]} 22. Kg3
{[%clk 1:23:09]} Rf5 {[%clk 1:28:33]} 23. Bd3 {[%clk 1:23:17]} Rg5+
{[%clk 1:28:42]} 24. Kf3 {[%clk 1:23:20]} h5 {[%clk 1:28:58]} 25. Nf7+
{[%clk 1:23:08]} Kg8 {[%clk 1:29:01]} 26. Nxg5 {[%clk 1:23:29]} Kh8
{[%clk 1:28:35]} 27. a4 {[%clk 1:23:34]} Kg8 {[%clk 1:28:45]} 28. a5
{[%clk 1:23:48]} Kf8 {[%clk 1:28:39]} 29. a6 {[%clk 1:24:01]} Ke8
{[%clk 1:29:01]} 30. a7 {[%clk 1:24:19]} Kd7 {[%clk 1:29:13]} 31. a8=Q
{[%clk 1:24:32]} Kc7 {[%clk 1:29:22]} 32. Ra7+ {[%clk 1:24:25]} Kd6
{[%clk 1:29:10]} 33. Qf8+ {[%clk 1:23:51]} Kc6 {[%clk 1:29:20]} 34. Qc5# 1-0

[Event "MSR2018s4"]
[Site "?"]
[Date "2018.04.21"]
[Round "1.13"]
[White "Mrmusova, Magdalena"]
[Black "Horvathova, Hana"]
[Result "1/2-1/2"]
[BlackElo "1467"]
[WhiteElo "1132"]
[LiveChessVersion "1.4.8"]

1. e4 {[%clk 1:30:56]} e5 {[%clk 1:30:53]} 2. Nf3 {[%clk 1:31:22]} Nc6
{[%clk 1:31:12]} 3. d4 {[%clk 1:31:41]} d6 {[%clk 1:30:15]} 4. d5
{[%clk 1:31:46]} Nce7 {[%clk 1:29:12]} 5. Be2 {[%clk 1:30:01]} Ng6
{[%clk 1:26:30]} 6. Nc3 {[%clk 1:29:49]} Nf6 {[%clk 1:26:43]} 7. Bg5
{[%clk 1:29:06]} Be7 {[%clk 1:26:55]} 8. Bxf6 {[%clk 1:25:29]} Bxf6
{[%clk 1:27:11]} 9. Qd3 {[%clk 1:20:29]} O-O {[%clk 1:27:22]} 10. O-O
{[%clk 1:19:01]} Bg4 {[%clk 1:27:35]} 11. h3 {[%clk 1:18:32]} Bxf3
{[%clk 1:26:36]} 12. Bxf3 {[%clk 1:18:08]} Nf4 {[%clk 1:26:18]} 13. Qd1
{[%clk 1:16:35]} Qd7 {[%clk 1:25:42]} 14. Kh2 {[%clk 1:16:25]} c6
{[%clk 1:25:14]} 15. Ne2 {[%clk 1:14:24]} Ng6 {[%clk 1:24:57]} 16. Ng3
{[%clk 1:12:18]} cxd5 {[%clk 1:22:45]} 17. Qxd5 {[%clk 1:09:15]} Nf4
{[%clk 1:22:35]} 18. Qd1 {[%clk 1:08:09]} g6 {[%clk 1:21:41]} 19. Bg4
{[%clk 1:05:00]} Qe7 20. Ne2 {[%clk 1:03:02]} Ne6 {[%clk 1:20:14]} 21. g3
{[%clk 0:57:34]} Rac8 {[%clk 1:19:18]} 22. f4 {[%clk 0:56:56]} 1/2-1/2